[Event "Auckland ACA Jenkins m"]
[Site "Auckland"]
[Date "2018.09.05"]
[Round "1.9"]
[White "Shen, Terry"]
[Black "Johns, Daniel"]
[Result "1-0"]
[WhiteElo "1978"]
[BlackElo "1969"]
[PlyCount "99"]
[EventDate "2018.09.05"]
[EventType "team-match"]
[EventRounds "1"]
[EventCountry "NZL"]
[SourceTitle "EXT 2024"]
[Source "ChessBase"]
[SourceDate "2023.10.10"]
[SourceVersion "1"]
[SourceVersionDate "2023.10.10"]
[SourceQuality "1"]
[WhiteTeam "Howick Pakuranga"]
[BlackTeam "North Shore"]
[WhiteTeamCountry "NZL"]
[BlackTeamCountry "NZL"]

1. d4 Nf6 2. Bf4 d5 3. e3 e6 4. Bd3 c5 5. c3 Nc6 6. Nd2 Bd6 7. Bg3 0-0 8. Ngf3 cxd4 9. exd4 Qc7 10. 0-0 h6 11. Re1 Nh5 12. Bxd6 Qxd6 13. Ne5 Nf4 14. Bc2 Nxe5 15. dxe5 Qe7 16. Qf3 Ng6 17. Qg3 Nh8 18. Rad1 f5 19. exf6 Qxf6 20. Nf3 Qf4 21. Qxf4 Rxf4 22. Ne5 Nf7 23. Ng6 Rf6 24. Rxd5 b6 25. Rdd1 Bb7 26. Ne5 Nxe5 27. Rxe5 Bd5 28. Be4 Bxe4 29. Rxe4 Raf8 30. f3 Re8 31. Kf2 Kf7 32. Ke3 Rf5 33. Rc4 Re5+ 34. Kf2 Re7 35. Rcd4 Rh5 36. h3 Rb5 37. R1d2 Ra5 38. b4 Ra3 39. Rc4 Ra4 40. Rc6 Ra3 41. Ke2 Kf6 42. Kd1 Kf7 43. Kc1 a5 44. Kb2 axb4 45. cxb4 Rea7 46. Rc7+ Rxc7 47. Kxa3 Ke7 48. Ka4 Rc4 49. Kb5 Rf4 50. a3 1-0